Statistiques concernant Numéro des pilotes MotoGP

Cliquez ici pour prendre le quiz!

Statistiques générales

  • Ce quiz a été pris 66 fois
  • Le résultat moyen est 21 sur 47

Statistiques - réponses

NuméroPilote% Correct
5Johann Zarco / Colin Edwards
94%
20Fabio Quartararo / Aaron Yates
92%
93Marc Marquez
86%
63Francesco Bagnaia / Mike Di Meglio
84%
1Jorge Lorenzo / Francesco Bagnaia / Casey Stoner
84%
46Valentino Rossi
80%
89Jorge Martin
75%
73Hiroshi Aoyama / Alex Marquez
71%
12Maverick Vinales / Javier Fores / Thomas Luthi
71%
04Andrea Dovizioso
69%
36Joan Mir / Mika Kallio
69%
99Jorge Lorenzo
69%
10Luca Marini / Xavier Simeon
67%
41Aleix Espargaro
65%
33Brad Binder / Marco Melandri
65%
26Dani Pedrosa
65%
88Miguel Oliveira
63%
58Marco Simoncelli
61%
21Franco Morbidelli / John Hopkins / Katsuyuki Nakasuga
57%
27Casey Stoner / Iker Lecuona
55%
44Pol Espargaro / David Salom / Michael Barnes
53%
42Alex Rins
49%
23Enea Bastianini / Broc Parkes / Christophe Ponsson / Luca Scassa
49%
25Raul Fernandez / Maverick Vinales
49%
72Marco Bezzecchi / Takumi Takahashi
47%
43Jack Miller / Kris McLaren
41%
69Nicky Hayden
41%
31Pedro Acosta
37%
29Andrea Iannone
33%
35Cal Crutchlow
29%
9Danilo Petrucci
27%
6Stefan Bradl / Damian Cudlin
27%
38Bradley Smith
25%
76Loris Baz
24%
22Sam Lowes / Ivan Silva / Alex Lowes
22%
45Tetsuta Nagashima / Scott Redding / Martin Bauer
20%
19Alvaro Bautista
18%
11Ben Spies
16%
40Darryn Binder / Hector Barbera
16%
50Eugene Laverty / Sylvain Guintoli / Damian Cudlin
16%
14Randy de Puniet
16%
51Michele Pirro
14%
65Loris Capirossi
12%
7Hiroshi Aoyama / Chris Vermeulen / Mike Jones
10%
68Yonny Hernandez
8%
71Claudio Corti / Carlos Checa
4%
54Mattia Pasini
4%

Distribution des résultats

Percentile par nombre de réponses

% des personnes avec chaque résultat

Votre développement - résultats

Vous n’avez pas pris ce quiz